000 00438cam a2200169ua 4500
020 _cRs 2.50
041 _amal
_h
082 _a894.812 308
_bMAR/EL
100 _aMarar, S K .
245 _aElathalavum nilavilakkum /
_cS K Marar.
_hTextual Documents
260 _aKottayam :
_bSahitya Pravarthaka Co-operative Society ,
_c1962.
300 _a230 ; .
365 _aRs 2.50
504 _a
942 _cBK
999 _c971
_d971